|
|
|
|
| LEADER |
00000nab a2200000 4500 |
| 001 |
vtls011756292 |
| 003 |
SK-MaSNL |
| 005 |
20260303201136.0 |
| 008 |
180515|2018 xo |||| || ||00 0|slo |
| 015 |
|
|
|a SNBRB2018/05
|
| 040 |
|
|
|a SPKCL
|b slo
|e rda
|
| 041 |
|
|
|a slo
|
| 044 |
|
|
|a xo
|c SK
|
| 072 |
|
7 |
|a 17
|x Etika. Morálna filozofia
|2 konspekt
|
| 080 |
|
|
|a 173.5:173.7
|2 2011
|
| 100 |
1 |
|
|a Hrdinová, Eva,
|d 1958-
|4 aut
|9 10924
|
| 245 |
1 |
0 |
|a Pripravte si kvalitný odletový plán, dovoľte deťom dospieť
|c Eva Hrdinová
|
| 300 |
|
|
|b Fotografie
|
| 336 |
|
|
|a text
|b txt
|2 rdacontent
|
| 337 |
|
|
|a bez média
|b n
|2 rdamedia
|
| 338 |
|
|
|a zväzok
|b nc
|2 rdacarrier
|
| 650 |
0 |
7 |
|a rodičia a deti
|2 SNKPH
|9 63347
|
| 773 |
0 |
|
|t Moja psychológia
|g Roč. 10, č. 5 (2018), s. 72-78
|x 1337-8899
|
| 856 |
4 |
1 |
|u www.versamedia.sk
|
| 999 |
|
|
|c 2172113
|d 2174043
|